[Event "XXXIII Memorial Edoardo Crespi Magistrale"]
[Site "Milano ITA"]
[Date "2012.12.06"]
[Round "6"]
[White "Lapiccirella, Mattia"]
[Black "Massironi, Marco"]
[WhiteElo "2197"]
[BlackElo "2214"]
[Result "1/2-1/2"]
[PlyCount "53"]
[EventDate "2012.12.01"]

1. d4 Nf6 2. c4 g6 3. Nc3 d5 4. cxd5 Nxd5 5. Bd2 Bg7 6. e4 Nxc3 7. Bxc3 O-O 8.
Nf3 Bg4 9. Be2 c5 10. d5 Bxc3+ 11. bxc3 Bxf3 12. Bxf3 Nd7 13. O-O Qc7 14. Rb1
b6 15. g3 Rad8 16. Bg2 e5 17. dxe6 fxe6 18. Qg4 Rde8 19. f4 c4 20. e5 Nc5 21.
Rbd1 Rd8 22. Rd4 b5 23. h4 Qf7 24. Qd1 Qe7 25. Qb1 a6 26. Qb4 Qa7 27. Kh2
1/2-1/2

[Event "XXXIII Memorial Edoardo Crespi Magistrale"]
[Site "Milano ITA"]
[Date "2012.12.06"]
[Round "6"]
[White "Martinez, Rolly"]
[Black "Marholev, Dimitar"]
[WhiteElo "2441"]
[BlackElo "2313"]
[Result "1/2-1/2"]
[PlyCount "57"]
[EventDate "2012.12.01"]

1. e4 e5 2. Nf3 Nc6 3. Bb5 a6 4. Bxc6 dxc6 5. O-O f6 6. d4 exd4 7. Nxd4 c5 8.
Ne2 Qxd1 9. Rxd1 Bd7 10. Nbc3 Bd6 11. Bf4 Bxf4 12. Nxf4 Ne7 13. Rd3 Nc6 14.
Ncd5 O-O-O 15. Nh5 f5 16. f3 fxe4 17. fxe4 g6 18. Nhf6 Be6 19. Rad1 Rdf8 20.
Rf3 Ne5 21. Rf2 Rf7 22. b3 h6 23. Ne3 c6 24. h3 h5 25. Kh2 Kc7 26. Kg3 g5 27.
Rdf1 Rg7 28. Kh2 Rg6 29. Kg1 1/2-1/2

[Event "XXXIII Memorial Edoardo Crespi Magistrale"]
[Site "Milano ITA"]
[Date "2012.12.06"]
[Round "6"]
[White "Mirzoev, Azer"]
[Black "Bentivegna, Francesco"]
[WhiteElo "2553"]
[BlackElo "2335"]
[Result "1-0"]
[PlyCount "45"]
[EventDate "2012.12.01"]

1. d4 d5 2. c4 e5 3. dxe5 d4 4. Nf3 Nc6 5. a3 Bg4 6. Nbd2 Qe7 7. h3 Bh5 8. g3
O-O-O 9. Bg2 d3 10. O-O Nxe5 11. Nxe5 Qxe5 12. Qb3 c6 13. exd3 Qd4 14. Qa4 Nf6
15. Nb3 Qxd3 16. Be3 Be2 17. Rfc1 Bd6 18. Rc3 Qg6 19. Nd4 Bd3 20. Nxc6 bxc6 21.
Qxc6+ Bc7 22. Qb7+ Kd7 23. Rd1 1-0

[Event "XXXIII Memorial Edoardo Crespi Magistrale"]
[Site "Milano ITA"]
[Date "2012.12.06"]
[Round "6"]
[White "Moroni, Luca Jr"]
[Black "Esposito, Luca"]
[WhiteElo "2114"]
[BlackElo "2299"]
[Result "1-0"]
[PlyCount "69"]
[EventDate "2012.12.01"]

1. Nf3 c5 2. c4 Nf6 3. g3 b6 4. Bg2 Bb7 5. O-O e6 6. Nc3 Be7 7. Re1 O-O 8. e4
d6 9. d4 cxd4 10. Nxd4 Qc8 11. Be3 a6 12. Rc1 Nbd7 13. f4 Re8 14. b4 Qc7 15.
Nd5 exd5 16. cxd5 Qb8 17. Nc6 Bxc6 18. dxc6 Nf8 19. c7 Qa7 20. e5 dxe5 21. fxe5
N6d7 22. Bc6 Nxe5 23. Bxe8 Qb7 24. Bc6 Nxc6 25. Qd5 Qxc7 26. Rxc6 Qb7 27. Rec1
Bxb4 28. Qb3 Re8 29. Qxb4 Rxe3 30. Rxb6 Qa7 31. Rc8 Re7 32. Kf1 g6 33. Rbb8 Qe3
34. Rxf8+ Kg7 35. Rg8+ 1-0

[Event "XXXIII Memorial Edoardo Crespi Magistrale"]
[Site "Milano ITA"]
[Date "2012.12.06"]
[Round "6"]
[White "Nannelli, Paolo"]
[Black "Quaranta, Cristiano"]
[WhiteElo "2230"]
[BlackElo "2102"]
[Result "1/2-1/2"]
[PlyCount "45"]
[EventDate "2012.12.01"]

1. d4 Nf6 2. Nf3 g6 3. Bf4 Bg7 4. e3 d6 5. h3 O-O 6. Be2 c5 7. c3 Be6 8. dxc5
dxc5 9. Qxd8 Rxd8 10. Bc7 Rd7 11. Bh2 Rd8 12. Nbd2 h6 13. O-O Nbd7 14. Nc4 b5
15. Na5 a6 16. Nc6 Re8 17. a4 bxa4 18. Rxa4 Bd5 19. Nce5 Nxe5 20. Nxe5 Reb8 21.
Nd3 Rb6 22. Ra5 Bc4 23. Rxc5 1/2-1/2

[Event "XXXIII Memorial Edoardo Crespi Magistrale"]
[Site "Milano ITA"]
[Date "2012.12.06"]
[Round "6"]
[White "Napoli, Nicolo'"]
[Black "Aleksic, Nenad"]
[WhiteElo "2296"]
[BlackElo "2347"]
[Result "0-1"]
[PlyCount "72"]
[EventDate "2012.12.01"]

1. d4 Nf6 2. Nc3 d5 3. Bg5 Nbd7 4. e3 e6 5. f4 Bb4 6. Nf3 c5 7. Bd3 c4 8. Be2
Qa5 9. O-O Bxc3 10. bxc3 Qxc3 11. Kh1 Ne4 12. f5 exf5 13. Bf4 O-O 14. Rb1 Ndf6
15. Ng1 Qd2 16. Bf3 Qxd1 17. Rbxd1 h6 18. Be5 Bd7 19. Ne2 Ng4 20. Bxg4 fxg4 21.
Nf4 f6 22. Bc7 Bc6 23. Ba5 Rfe8 24. Kg1 b6 25. Be1 Rad8 26. h3 gxh3 27. gxh3 g5
28. Nh5 Kf7 29. Rf3 Ba4 30. Rc1 Kg6 31. Ng3 Nxg3 32. Bxg3 Re6 33. h4 Rde8 34.
Bf2 Re4 35. h5+ Kf7 36. Kh2 Bd7 0-1

[Event "XXXIII Memorial Edoardo Crespi Magistrale"]
[Site "Milano ITA"]
[Date "2012.12.06"]
[Round "6"]
[White "Pelizzola, Danilo"]
[Black "Tramalloni, Luca"]
[WhiteElo "2062"]
[BlackElo "2087"]
[Result "1-0"]
[PlyCount "63"]
[EventDate "2012.12.01"]

1. e4 c5 2. Nf3 a6 3. c4 e6 4. Nc3 Qc7 5. g3 b6 6. Bg2 Bb7 7. O-O d6 8. b3 Nf6
9. Re1 Nbd7 10. Bb2 Be7 11. Qe2 Rd8 12. Rad1 O-O 13. Nh4 Ne5 14. f4 Nc6 15. d3
Nd4 16. Qf1 Nd7 17. Nf3 Bf6 18. Kh1 Nxf3 19. Bxf3 Nb8 20. Qg2 Rd7 21. g4 g6 22.
Nd5 exd5 23. Bxf6 dxe4 24. dxe4 d5 25. exd5 Qxf4 26. g5 h5 27. Re4 Qf5 28. Re5
Qf4 29. Rde1 Rd6 30. Be7 Rdd8 31. R5e4 Qf5 32. Bxf8 1-0

[Event "XXXIII Memorial Edoardo Crespi Magistrale"]
[Site "Milano ITA"]
[Date "2012.12.06"]
[Round "6"]
[White "Rambaldi, Francesco"]
[Black "Formento, Paolo"]
[WhiteElo "2308"]
[BlackElo "2167"]
[Result "1/2-1/2"]
[PlyCount "114"]
[EventDate "2012.12.01"]

1. e4 e6 2. d4 d5 3. Nc3 Bb4 4. exd5 Qxd5 5. Nf3 Nf6 6. Bd2 Bxc3 7. Bxc3 O-O 8.
b3 b6 9. Bb2 Ne4 10. a3 Bb7 11. Be2 Nd7 12. O-O Ng5 13. Qd2 Ne5 14. Qe3 Ngxf3+
15. Bxf3 Nxf3+ 16. Qxf3 Qxf3 17. gxf3 Bxf3 18. Rfe1 Rad8 19. Re3 Bb7 20. Re5
Rfe8 21. c4 f6 22. Re3 Kf7 23. b4 c5 24. dxc5 bxc5 25. b5 Rd2 26. Bc3 Rc2 27.
Rd3 e5 28. a4 e4 29. Rd7+ Re7 30. Rxe7+ Kxe7 31. Ba5 Rxc4 32. Bd2 e3 33. Bxe3
Ke6 34. h3 f5 35. Bg5 f4 36. Bd8 Kf5 37. Bc7 g5 38. a5 Rc3 39. a6 Ba8 40. Kh2
Rc2 41. Kg1 g4 42. hxg4+ Kxg4 43. Bb8 Rc3 44. Bxa7 Rh3 45. f3+ Kg3 46. Bxc5
Bxf3 47. Bf2+ Kg4 48. Kf1 Rh5 49. b6 Rb5 50. b7 Bxb7 51. axb7 Rxb7 52. Kg2 Rb3
53. Ra7 h5 54. Rg7+ Kf5 55. Rf7+ Kg4 56. Rg7+ Kf5 57. Bc5 Rg3+ 1/2-1/2

[Event "XXXIII Memorial Edoardo Crespi Magistrale"]
[Site "Milano ITA"]
[Date "2012.12.06"]
[Round "6"]
[White "Sanchez, Joseph"]
[Black "Solodovnichenko, Yuri"]
[WhiteElo "2533"]
[BlackElo "2557"]
[Result "0-1"]
[PlyCount "130"]
[EventDate "2012.12.01"]

1. e4 c5 2. Nf3 e6 3. d4 cxd4 4. Nxd4 Nc6 5. Nc3 d6 6. Be3 Nf6 7. f4 Be7 8. Qe2
Nxd4 9. Bxd4 O-O 10. O-O-O Qa5 11. Qb5 Qxb5 12. Nxb5 e5 13. fxe5 dxe5 14. Bxe5
Nxe4 15. Re1 Bg5+ 16. Kb1 Nd2+ 17. Ka1 Nxf1 18. Rhxf1 Bd7 19. Nd4 Rfe8 20. c3
Be7 21. Kb1 f6 22. Bg3 Bc5 23. Kc2 Kf7 24. Rxe8 Rxe8 25. Re1 Rd8 26. Re2 g5 27.
Rd2 Be7 28. b4 Ba4+ 29. Kb2 f5 30. Bc7 Rd5 31. Ka3 Bc6 32. Kb3 Rd7 33. Bb8 a5
34. bxa5 Kg6 35. g3 Bd5+ 36. Ka4 Rd8 37. Re2 Bc5 38. Bc7 Rd7 39. Bb8 Be4 40.
Rd2 Kh5 41. h3 Bc6+ 42. Kb3 Bd5+ 43. Ka4 Bc6+ 44. Kb3 Bd5+ 45. Ka4 Bc4 46. Rb2
Kg6 47. h4 Bxd4 48. Rd2 f4 49. gxf4 gxh4 50. Rg2+ Kf5 51. Rg5+ Ke4 52. cxd4
Rxd4 53. Be5 Rd3 54. Rh5 h3 55. Bb8 Bf7 56. Rxh7 Bg6 57. Re7+ Kf5 58. Re5+ Kf6
59. f5 Bxf5 60. Re1 Rd2 61. Kb4 Rxa2 62. Re8 Bd7 63. Rd8 Bc6 64. a6 Rxa6 65.
Rh8 Ra8 0-1

[Event "XXXIII Memorial Edoardo Crespi Magistrale"]
[Site "Milano ITA"]
[Date "2012.12.06"]
[Round "6"]
[White "Sardo, Gabriele"]
[Black "Vezzosi, Paolo"]
[WhiteElo "2178"]
[BlackElo "2307"]
[Result "1/2-1/2"]
[PlyCount "87"]
[EventDate "2012.12.01"]

1. d4 Nf6 2. c4 e6 3. Nc3 Bb4 4. e3 b6 5. Bd3 Bb7 6. Nf3 Ne4 7. O-O Bxc3 8.
bxc3 O-O 9. Nd2 Nxd2 10. Bxd2 f5 11. f3 Nc6 12. Qe2 e5 13. Rab1 Qf6 14. c5 Rae8
15. Bb5 Kh8 16. d5 Nb8 17. e4 f4 18. Be1 Re7 19. Bd3 d6 20. Bf2 Bc8 21. a4 Nd7
22. cxb6 axb6 23. Ba6 Ree8 24. Bxc8 Rxc8 25. a5 Qd8 26. Qb5 bxa5 27. Qxa5 c6
28. Qxd8 Rfxd8 29. c4 Rc7 30. Ra1 Kg8 31. Rfb1 Rdc8 32. Bb6 Rb7 33. Ba7 Rxb1+
34. Rxb1 cxd5 35. cxd5 Rc7 36. Bf2 Kf7 37. Kf1 g5 38. Rb2 g4 39. Ke2 gxf3+ 40.
gxf3 Nf6 41. Kd3 Nd7 42. Rc2 Rxc2 43. Kxc2 Nf8 44. Kd3 1/2-1/2

[Event "XXXIII Memorial Edoardo Crespi Magistrale"]
[Site "Milano ITA"]
[Date "2012.12.06"]
[Round "6"]
[White "Shishkin, Vadim"]
[Black "Friedrichs, Klaus"]
[WhiteElo "2501"]
[BlackElo "2301"]
[Result "1-0"]
[PlyCount "125"]
[EventDate "2012.12.01"]

1. d4 e6 2. e4 d5 3. Nd2 Nf6 4. e5 Nfd7 5. f4 c5 6. Ndf3 Nc6 7. c3 cxd4 8. cxd4
a5 9. a3 a4 10. Ne2 Nb6 11. Nc3 Bd7 12. Bd3 Na5 13. O-O g6 14. Be3 Nbc4 15. Qe2
Be7 16. Rac1 Rc8 17. Nd1 Bb5 18. Bf2 Ba6 19. Nc3 Qd7 20. Be1 Nb3 21. Rd1 Ra8
22. Na2 Nb6 23. Bb4 Bxd3 24. Qxd3 Bxb4 25. Nxb4 Rc8 26. Qe2 Rc4 27. Qf2 Qe7 28.
Nd2 Nxd2 29. Rxd2 O-O 30. Rc2 Rfc8 31. Rfc1 Rxc2 32. Rxc2 Rc4 33. Rxc4 Nxc4 34.
Kf1 Qc7 35. Ke1 Nxe5 36. fxe5 Qc1+ 37. Ke2 Qxb2+ 38. Ke3 Qxa3+ 39. Nd3 Qa1 40.
Qe1 Qa2 41. Qd2 Qb3 42. Qb4 Qc2 43. Nc5 Qxg2 44. Nd7 Qh3+ 45. Kd2 Qxh2+ 46. Kc1
Qg1+ 47. Kb2 Qf2+ 48. Ka3 Qf3+ 49. Kxa4 Qd1+ 50. Kb5 Qd3+ 51. Kb6 Qa6+ 52. Kc7
Qc4+ 53. Qc5 Kg7 54. Kxb7 g5 55. Qf8+ Kg6 56. Qg8+ Kf5 57. Qxh7+ Kf4 58. Qxf7+
Ke3 59. Qxe6 Kxd4 60. Qg4+ Kd3 61. Qxc4+ dxc4 62. Nc5+ Kd4 63. e6 1-0

[Event "XXXIII Memorial Edoardo Crespi Magistrale"]
[Site "Milano ITA"]
[Date "2012.12.06"]
[Round "6"]
[White "Stromboli, Carlo"]
[Black "Tonndorf, Matthias"]
[WhiteElo "2326"]
[BlackElo "2234"]
[Result "1-0"]
[PlyCount "121"]
[EventDate "2012.12.01"]

1. e4 c5 2. Nf3 e6 3. c3 d5 4. exd5 exd5 5. d4 Nf6 6. h3 Nc6 7. dxc5 Bxc5 8.
Bd3 O-O 9. O-O Ne4 10. Nbd2 Re8 11. Nb3 Bb6 12. Bc2 Qd6 13. Nbd4 Qg6 14. Kh1
Qf6 15. Be3 Bc7 16. Nb5 Bf4 17. Qxd5 Bxe3 18. Bxe4 Bf4 19. Qd3 Qh6 20. Bf5 Qh5
21. Bxc8 Raxc8 22. Nbd4 Nxd4 23. Qxd4 Bb8 24. Qb4 Qd5 25. Rad1 Qc6 26. Rfe1 h6
27. Qd4 Qc7 28. g3 Qc6 29. Kg2 Rxe1 30. Rxe1 a6 31. Re7 Bd6 32. Re2 Bc5 33. Qe4
Qxe4 34. Rxe4 Rd8 35. Re2 Rd1 36. Rd2 Ra1 37. a3 Rb1 38. Ne5 f6 39. Rd8+ Kh7
40. Nd7 Be7 41. Re8 Bd6 42. Re6 Bc7 43. Re2 Bd6 44. Nb6 Bxa3 45. Nc4 Bf8 46.
Kf3 b5 47. Na5 b4 48. c4 Rc1 49. Ke4 Rd1 50. Nb3 Kg6 51. Rc2 f5+ 52. Ke3 Bd6
53. c5 Bc7 54. Nd4 Kf6 55. Rc4 Rh1 56. Rxb4 f4+ 57. gxf4 Rxh3+ 58. Ke4 Rh4 59.
Rb7 Rxf4+ 60. Kd5 Ba5 61. b4 1-0

[Event "XXXIII Memorial Edoardo Crespi Magistrale"]
[Site "Milano ITA"]
[Date "2012.12.06"]
[Round "6"]
[White "Valsecchi, Alessio"]
[Black "Maiorov, Nikita"]
[WhiteElo "2422"]
[BlackElo "2541"]
[Result "1-0"]
[PlyCount "85"]
[EventDate "2012.12.01"]

1. Nf3 Nf6 2. c4 b6 3. g3 Bb7 4. Bg2 e6 5. O-O Be7 6. d4 O-O 7. Re1 Qc8 8. Bg5
h6 9. Bxf6 Bxf6 10. e4 d6 11. Nc3 Nd7 12. Qd2 a6 13. Rad1 c5 14. d5 Ne5 15.
Nxe5 Bxe5 16. f4 Bd4+ 17. Kh1 exd5 18. cxd5 Re8 19. Ne2 Bf6 20. Ng1 c4 21. Nf3
c3 22. Qf2 Qc4 23. e5 Be7 24. bxc3 Bxd5 25. Rd4 Qc5 26. Qd2 Bc6 27. exd6 Bf6
28. Ne5 Bxg2+ 29. Kxg2 Bxe5 30. fxe5 Rxe5 31. Rxe5 Qxe5 32. Qd3 Rd8 33. d7 Qe6
34. a4 Qa2+ 35. Kh3 Qe6+ 36. Kg2 Qa2+ 37. Kf3 Qxh2 38. Rh4 Qg1 39. Re4 Qh1+ 40.
Kf2 Qh2+ 41. Ke1 Qg1+ 42. Kd2 Qg2+ 43. Kc1 1-0

[Event "XXXIII Memorial Edoardo Crespi Magistrale"]
[Site "Milano ITA"]
[Date "2012.12.06"]
[Round "6"]
[White "Villa, Giorgio"]
[Black "Jara, Erik"]
[WhiteElo "1972"]
[BlackElo "2173"]
[Result "0-1"]
[PlyCount "80"]
[EventDate "2012.12.01"]

1. d4 Nf6 2. Nf3 b6 3. c4 e6 4. e3 Bb7 5. Bd3 Bb4+ 6. Nc3 O-O 7. O-O d5 8. a3
Be7 9. Qe2 c5 10. Rd1 Nbd7 11. e4 cxd4 12. Nxd4 Bc5 13. Nb3 d4 14. Na4 e5 15.
Nbxc5 bxc5 16. b4 Qc7 17. Bg5 Qc6 18. Bxf6 Qxf6 19. Nxc5 Nxc5 20. bxc5 Qc6 21.
f4 exf4 22. Qf2 Qxc5 23. Qxf4 Rae8 24. Rab1 Bc6 25. Rb4 Re7 26. Rdb1 Rfe8 27.
Qf5 Re5 28. Qf2 f6 29. Rb8 a5 30. Rxe8+ Rxe8 31. Qf5 Qxa3 32. e5 g6 33. Qxf6
Qxd3 34. Rb8 Qd1+ 35. Kf2 Qd2+ 36. Kf1 Qxg2+ 37. Ke1 Qe4+ 38. Kd2 Qe3+ 39. Kd1
Bf3+ 40. Kc2 d3+ 0-1

[Event "XXXIII Memorial Edoardo Crespi Magistrale"]
[Site "Milano ITA"]
[Date "2012.12.06"]
[Round "6"]
[White "Welling, Gerard"]
[Black "Stella, Andrea"]
[WhiteElo "2338"]
[BlackElo "2453"]
[Result "1/2-1/2"]
[PlyCount "272"]
[EventDate "2012.12.01"]

1. Nf3 g6 2. g3 Bg7 3. Bg2 Nf6 4. O-O O-O 5. d4 c6 6. Nbd2 d5 7. c3 Bf5 8. Nh4
Be6 9. e4 dxe4 10. Nxe4 Nxe4 11. Bxe4 Bd5 12. Bxd5 Qxd5 13. Re1 c5 14. dxc5
Qxc5 15. Qe2 Nc6 16. Be3 Qa5 17. Nf3 Rfd8 18. a4 Rac8 19. Qb5 Qc7 20. Bf4 Qd7
21. Qe2 Qd5 22. Red1 Qh5 23. Qe4 Qg4 24. Kg2 e5 25. h3 Qe6 26. Be3 Qb3 27. Nd2
Qxb2 28. Rab1 Qxc3 29. Rxb7 Nd4 30. Nf3 Qa5 31. Bxd4 exd4 32. Qe7 Qd5 33. Rxa7
Rc3 34. Qb7 Qxb7 35. Rxb7 d3 36. g4 Ra3 37. Re7 Bf8 38. Re4 Ra2 39. Rc4 Bg7 40.
Kf1 d2 41. Ke2 Re8+ 42. Kf1 Ra3 43. Nxd2 Rd3 44. Rc2 Red8 45. a5 Rxh3 46. Kg2
Rhd3 47. a6 Bd4 48. Rf1 Ra3 49. Nf3 Rxa6 50. Rd1 Rad6 51. Rxd4 Rxd4 52. Nxd4
Rxd4 53. Kg3 Kg7 54. Rc5 Rb4 55. f3 h6 56. Ra5 Rd4 57. Rb5 Rd6 58. Ra5 Re6 59.
Rb5 Kf6 60. Ra5 Re5 61. Ra6+ Kg7 62. Rb6 Ra5 63. Rc6 h5 64. gxh5 Rg5+ 65. Kh4
Rxh5+ 66. Kg3 Ra5 67. f4 Ra3+ 68. Kg4 Rb3 69. Ra6 Rb1 70. Ra7 Rg1+ 71. Kf3 Rc1
72. Kg4 Rc3 73. Rb7 Rc5 74. Ra7 Rf5 75. Rb7 Kh6 76. Ra7 Rf6 77. Rb7 Kg7 78. Ra7
Re6 79. Rb7 Kf6 80. Ra7 Re7 81. Ra6+ Kg7 82. Kf3 Rc7 83. Kg4 Rb7 84. Rc6 f6 85.
Ra6 Rc7 86. Rb6 Ra7 87. Rc6 Ra4 88. Kf3 Rb4 89. Ra6 Rb1 90. Rc6 Rf1+ 91. Kg3
Rd1 92. Ra6 Kf7 93. Rb6 Ke7 94. Ra6 Rd6 95. Ra7+ Ke6 96. Kg4 Rd4 97. Ra6+ Rd6
98. Ra7 Rd7 99. Ra6+ Kf7 100. Rb6 Kg7 101. Ra6 Rd3 102. Rb6 f5+ 103. Kh4 Rd1
104. Kg3 Rd2 105. Ra6 Kh6 106. Rb6 Rd3+ 107. Kh4 Rd1 108. Kg3 Rg1+ 109. Kf2 Rc1
110. Kg3 Kh5 111. Ra6 Rc3+ 112. Kf2 Rb3 113. Rc6 Rb4 114. Kg3 Rb3+ 115. Kf2 Ra3
116. Rb6 Kg4 117. Rxg6+ Kxf4 118. Rb6 Kg4 119. Rg6+ Kf4 120. Rb6 Ra2+ 121. Kf1
Rd2 122. Rb3 Ke4 123. Ra3 Rd3 124. Rxd3 Kxd3 125. Kf2 Kd4 126. Kf3 Ke5 127. Ke3
f4+ 128. Kf3 Kf5 129. Kf2 Ke4 130. Ke2 f3+ 131. Kf2 Kf4 132. Kf1 Ke3 133. Ke1
Ke4 134. Kf2 Kf4 135. Kf1 Kg4 136. Kf2 Kf4 1/2-1/2

[Event "XXXIII Memorial Edoardo Crespi Magistrale"]
[Site "Milano ITA"]
[Date "2012.12.06"]
[Round "7"]
[White "Aleksic, Nenad"]
[Black "Sanchez, Joseph"]
[WhiteElo "2347"]
[BlackElo "2533"]
[Result "0-1"]
[PlyCount "54"]
[EventDate "2012.12.01"]

1. e4 d5 2. exd5 Qxd5 3. Nf3 Bg4 4. Be2 Nc6 5. O-O O-O-O 6. Nc3 Qd7 7. b4 Nf6
8. b5 Bxf3 9. Bxf3 Nd4 10. d3 Qf5 11. Be2 h5 12. Be3 e5 13. a4 Bb4 14. Na2 Ba5
15. Bxd4 exd4 16. Rb1 Rde8 17. Rb3 g5 18. c4 Re5 19. Nb4 g4 20. f4 Re7 21. Nc6
bxc6 22. bxc6 Qe6 23. Rb5 Qxe2 24. Qb3 Bb6 25. a5 g3 26. hxg3 Qe3+ 27. Kh1 h4
0-1

[Event "XXXIII Memorial Edoardo Crespi Magistrale"]
[Site "Milano ITA"]
[Date "2012.12.06"]
[Round "7"]
[White "Astengo, Corrado"]
[Black "Damia, Angelo"]
[WhiteElo "2164"]
[BlackElo "2281"]
[Result "1-0"]
[PlyCount "83"]
[EventDate "2012.12.01"]

1. e4 Nf6 2. e5 Nd5 3. d4 d6 4. Nf3 dxe5 5. Nxe5 c6 6. c4 Nb4 7. Be3 Bf5 8. Nd3
e5 9. Nxb4 Bxb4+ 10. Nc3 Qa5 11. Qb3 exd4 12. Bxd4 O-O 13. Be2 Rd8 14. Rd1 c5
15. a3 Rxd4 16. axb4 Rxd1+ 17. Bxd1 Qxb4 18. Qxb4 cxb4 19. Nd5 Nc6 20. Ba4 Re8+
21. Kd2 Be4 22. Re1 Re6 23. Bxc6 bxc6 24. Nxb4 Bxg2 25. Rxe6 fxe6 26. Ke3 a5
27. Na6 Kf7 28. Kd4 Kf6 29. Kc5 Ke5 30. Nb8 Ke4 31. Nxc6 Kd3 32. Nxa5 e5 33. b4
Ke2 34. Nc6 e4 35. b5 Kxf2 36. b6 e3 37. Nd4 e2 38. Nxe2 Kxe2 39. Kd6 Kd3 40.
c5 Kc4 41. c6 Kb5 42. b7 1-0

[Event "XXXIII Memorial Edoardo Crespi Magistrale"]
[Site "Milano ITA"]
[Date "2012.12.06"]
[Round "7"]
[White "Bemporad, Filippo"]
[Black "Cazzaniga, Walter"]
[WhiteElo "2046"]
[BlackElo "2146"]
[Result "1/2-1/2"]
[PlyCount "38"]
[EventDate "2012.12.01"]

1. d4 Nf6 2. Nf3 g6 3. c4 Bg7 4. Nc3 d5 5. cxd5 Nxd5 6. Bd2 Nb6 7. Bf4 O-O 8.
e3 Nc6 9. Be2 Bf5 10. O-O Re8 11. Rc1 Nd5 12. Bg3 Nxc3 13. Rxc3 Be4 14. Qa4 e6
15. Rfc1 Rc8 16. Rc5 Bf8 17. R5c3 Bg7 18. Rc5 Bf8 19. R5c3 Bg7 1/2-1/2

[Event "XXXIII Memorial Edoardo Crespi Magistrale"]
[Site "Milano ITA"]
[Date "2012.12.06"]
[Round "7"]
[White "Bentivegna, Francesco"]
[Black "Rambaldi, Francesco"]
[WhiteElo "2335"]
[BlackElo "2308"]
[Result "0-1"]
[PlyCount "56"]
[EventDate "2012.12.01"]

1. e4 c6 2. d4 d5 3. e5 Bf5 4. Ne2 e6 5. Ng3 Bg6 6. h4 h5 7. Be2 c5 8. dxc5
Bxc5 9. Nd2 Nc6 10. Nb3 Bb6 11. Bxh5 Nxe5 12. Qe2 Qf6 13. Bxg6 Nxg6 14. h5 Ne5
15. Bd2 Nc6 16. Bc3 d4 17. Ne4 Qe5 18. Bd2 O-O-O 19. f4 Qc7 20. Rh3 Nge7 21. c4
dxc3 22. Nxc3 Rxd2 23. Qxd2 Rd8 24. Rd3 Rxd3 25. Qxd3 Qxf4 26. Qf3 Qe5+ 27. Kf1
Nf5 28. Re1 Ng3+ 0-1

[Event "XXXIII Memorial Edoardo Crespi Magistrale"]
[Site "Milano ITA"]
[Date "2012.12.06"]
[Round "7"]
[White "Brunello, Sabino"]
[Black "Colovic, Aleksandar"]
[WhiteElo "2583"]
[BlackElo "2457"]
[Result "1-0"]
[PlyCount "65"]
[EventDate "2012.12.01"]

1. d4 Nf6 2. c4 e6 3. Nc3 Bb4 4. e3 O-O 5. Nge2 c6 6. a3 Ba5 7. b4 Bc7 8. Ng3
d5 9. Bb2 Nbd7 10. f4 a5 11. c5 b6 12. Be2 Ba6 13. O-O Qb8 14. Bxa6 Rxa6 15. b5
Ra8 16. bxc6 bxc5 17. Na4 Nb6 18. dxc5 Nc4 19. Bxf6 gxf6 20. Nh5 Kh8 21. Nxf6
Qd8 22. Nxh7 Qh4 23. Nxf8 Rxf8 24. Rf3 Rg8 25. Kh1 Kg7 26. Nb6 Nxb6 27. cxb6
Bxb6 28. Rg3+ Qxg3 29. hxg3 Rh8+ 30. Kg1 Bxe3+ 31. Kf1 Rh1+ 32. Ke2 Rxd1 33.
Rxd1 1-0

[Event "XXXIII Memorial Edoardo Crespi Magistrale"]
[Site "Milano ITA"]
[Date "2012.12.06"]
[Round "7"]
[White "Collutiis, Duilio"]
[Black "Iturbide Arnedo, Oscar"]
[WhiteElo "2495"]
[BlackElo "2132"]
[Result "1-0"]
[PlyCount "151"]
[EventDate "2012.12.01"]

1. g3 g6 2. Bg2 Bg7 3. e4 d6 4. d4 e5 5. Ne2 Ne7 6. O-O O-O 7. h3 exd4 8. Nxd4
Nbc6 9. Ne2 Rb8 10. Nbc3 b5 11. Nd5 Bd7 12. Rb1 f5 13. Kh2 fxe4 14. Bxe4 Nf5
15. c3 Re8 16. Bg2 Ne5 17. b3 c6 18. Ne3 d5 19. Nd4 Qf6 20. Nexf5 Bxf5 21. Nxf5
Qxf5 22. Be3 Nf7 23. Rc1 Ne5 24. Rc2 a6 25. Bd4 Nf7 26. Bxg7 Kxg7 27. c4 Rbd8
28. cxd5 cxd5 29. Rd2 Ng5 30. Rd4 Ne4 31. a4 h5 32. axb5 axb5 33. Qd3 h4 34.
gxh4 Qf4+ 35. Kg1 Qf5 36. Qe3 Kf7 37. Rc1 Rd7 38. Rcd1 Ree7 39. b4 Kg7 40. Bxe4
Rxe4 41. Qg3 Kh7 42. Kg2 Qh5 43. Rxe4 Qxd1 44. Rg4 Qc2 45. h5 gxh5 46. Qh4 Qf5
47. Rg5 Qxg5+ 48. Qxg5 Rg7 49. Qg3 h4 50. Qxg7+ Kxg7 51. Kf3 Kf6 52. Kg4 Ke5
53. f4+ Ke4 54. f5 d4 55. f6 d3 56. f7 d2 57. f8=Q d1=Q+ 58. Kxh4 Qe1+ 59. Kh5
Qe2+ 60. Kg5 Qe3+ 61. Kg4 Qg1+ 62. Kh5 Qd1+ 63. Kg6 Qg1+ 64. Kh7 Qg3 65. Qe7+
Kd5 66. h4 Kc4 67. h5 Qd3+ 68. Kh6 Kb3 69. Qc5 Ka4 70. Kg5 Qg3+ 71. Kf6 Qf4+
72. Ke7 Qe4+ 73. Kd8 Qd3+ 74. Kc8 Qh7 75. Kb8 Qg7 76. Qa7+ 1-0

[Event "XXXIII Memorial Edoardo Crespi Magistrale"]
[Site "Milano ITA"]
[Date "2012.12.06"]
[Round "7"]
[White "Coppola, Federico"]
[Black "Agrifoglio, Fabio"]
[WhiteElo "1940"]
[BlackElo "1984"]
[Result "1/2-1/2"]
[PlyCount "120"]
[EventDate "2012.12.01"]

1. e4 c5 2. Nf3 d6 3. d4 cxd4 4. Nxd4 Nf6 5. Nc3 a6 6. Be2 Qc7 7. O-O e6 8. a4
Be7 9. Be3 Nbd7 10. Nb3 b6 11. f4 Bb7 12. Bf3 O-O 13. Qe1 Rfd8 14. Rd1 Nc5 15.
Qf2 Rd7 16. e5 Nfe4 17. Nxe4 Nxe4 18. Bxe4 Bxe4 19. c3 Rb8 20. Nd4 dxe5 21.
fxe5 Bg6 22. Rc1 h6 23. Qg3 Bc5 24. Kh1 Kh7 25. Qf4 Rbd8 26. Ra1 Rd5 27. b4 Be7
28. Nf3 b5 29. axb5 Bg5 30. Nxg5+ hxg5 31. Qxg5 axb5 32. Bd4 Qc4 33. Rf3 Kg8
34. Qe3 Qc6 35. Rff1 R5d7 36. Rfe1 Ra8 37. h3 Rdd8 38. Qe2 Bf5 39. Kg1 Qd5 40.
Kh2 Ra4 41. Rxa4 bxa4 42. Ra1 Qb3 43. Ra2 a3 44. b5 Bd3 45. Rxa3 Qxb5 46. Qf3
Qb1 47. Ra7 Bg6 48. Rb7 Qc2 49. h4 Qe4 50. Qxe4 Bxe4 51. Rb2 Kh7 52. g4 Ra8 53.
Rf2 Kg8 54. Kg3 Bd5 55. h5 Ra1 56. Rd2 Rf1 57. Re2 Rf3+ 58. Kh2 Rf1 59. Kg3
Rf3+ 60. Kh2 Kh7 1/2-1/2

[Event "XXXIII Memorial Edoardo Crespi Magistrale"]
[Site "Milano ITA"]
[Date "2012.12.06"]
[Round "7"]
[White "Esposito, Luca"]
[Black "Ricci, Marco"]
[WhiteElo "2299"]
[BlackElo "2084"]
[Result "1-0"]
[PlyCount "73"]
[EventDate "2012.12.01"]

1. d4 Nf6 2. c4 g6 3. Nf3 Bg7 4. g3 O-O 5. Bg2 d6 6. O-O Nbd7 7. Nc3 e5 8. e4
c6 9. h3 Qb6 10. Re1 exd4 11. Nxd4 Ne8 12. Nb3 a5 13. Be3 Qc7 14. Nd4 Nc5 15.
b3 Ne6 16. Rc1 Nxd4 17. Bxd4 f5 18. exf5 Bxf5 19. g4 Bd7 20. Qd2 Be5 21. Bxe5
dxe5 22. Rcd1 Rd8 23. Qe3 Nd6 24. Qxe5 Rfe8 25. Qg3 Rc8 26. c5 Nf7 27. Qxc7
Rxc7 28. Ne4 Kg7 29. Bf1 Ne5 30. Kg2 Rf8 31. Ng5 Nf7 32. Nxf7 Kxf7 33. Bc4+ Kf6
34. Rd6+ Kg5 35. Re7 Rd8 36. Kg3 Kh6 37. f4 1-0

[Event "XXXIII Memorial Edoardo Crespi Magistrale"]
[Site "Milano ITA"]
[Date "2012.12.06"]
[Round "7"]
[White "Formento, Paolo"]
[Black "Stromboli, Carlo"]
[WhiteElo "2167"]
[BlackElo "2326"]
[Result "1/2-1/2"]
[PlyCount "66"]
[EventDate "2012.12.01"]

1. Nf3 Nf6 2. c4 e6 3. g3 d5 4. b3 Be7 5. Bg2 O-O 6. Bb2 Nbd7 7. O-O b6 8. d3
Bb7 9. Qc2 Rc8 10. Nc3 c5 11. e3 Qc7 12. Rad1 Rfd8 13. Ne1 Qb8 14. f4 Ng4 15.
Qe2 Nxe3 16. Qxe3 d4 17. Qc1 dxc3 18. Bxc3 Bf6 19. Bxb7 Qxb7 20. Nf3 Bxc3 21.
Qxc3 Nb8 22. Ne5 Nc6 23. Nxc6 Rxc6 24. Rde1 Rcd6 25. Re3 Qd7 26. Rff3 Rd4 27.
Qc2 h6 28. Qe2 Qc6 29. f5 exf5 30. Rxf5 Qg6 31. Re8+ Kh7 32. Rxd8 Rxd8 33. Rd5
Qf6 1/2-1/2

[Event "XXXIII Memorial Edoardo Crespi Magistrale"]
[Site "Milano ITA"]
[Date "2012.12.06"]
[Round "7"]
[White "Friedrichs, Klaus"]
[Black "Sardo, Gabriele"]
[WhiteElo "2301"]
[BlackElo "2178"]
[Result "1-0"]
[PlyCount "57"]
[EventDate "2012.12.01"]

1. e4 c5 2. Nc3 d6 3. f4 g6 4. Nf3 Bg7 5. Bb5+ Bd7 6. Bc4 Nc6 7. O-O Nd4 8.
Nxd4 cxd4 9. Ne2 Bc6 10. d3 d5 11. exd5 Bxd5 12. f5 Bxc4 13. dxc4 gxf5 14. Rxf5
Qc8 15. Qd3 e6 16. Qg3 Kf8 17. Qa3+ Ne7 18. Rc5 Qd8 19. Bg5 Qd6 20. Rf1 b6 21.
Bxe7+ Qxe7 22. Rc7 Qxa3 23. Rfxf7+ Ke8 24. bxa3 Bf8 25. Nf4 Bd6 26. Rxa7 Rc8
27. Nxe6 Rxc4 28. Ng7+ Kd8 29. Ra8+ 1-0